Italy World Cup History - Statistics

General Stats
  • This quiz has been taken 47 times
  • The average score is 154 of 201
Answer Stats
Year H/A Result Stage Vs. % Correct
1978 A 2-0 Qualifiers England
100%
1978 H 2-0 Qualifiers England
100%
1990 A 1-2 3rd place final England
100%
1998 H 0-0 Qualifiers England
100%
1998 A 0-1 Qualifiers England
100%
2014 A 1-2 Groups England
100%
1962 A 0-0 Groups Germany
100%
1970 A 3-4 Semifinal Germany
100%
1978 A 0-0 Groups (2nd phase) Germany
100%
1982 H 3-1 Final Germany
100%
2006 H 2-0 Semifinal Germany
100%
1938 A 1-3 Quarter-finals France
97%
1978 H 2-1 Groups (1st phase) France
97%
1986 A 2-0 Round of 16 France
97%
1998 H 0-1 Quarter-finals France
97%
2006 H 2-1 Final France
97%
1934 H 1-1 Quarter-finals (1st round) Spain
97%
1934 H 1-0 Quarter-finals (2nd round) Spain
97%
1994 A 1-2 Quarter-finals Spain
97%
2018 A 3-0 Qualifiers Spain
97%
2018 H 1-1 Qualifiers Spain
97%
1934 H 1-0 Semifinal Austria
95%
1978 H 1-0 Groups (2nd phase) Austria
95%
1990 H 1-0 Groups Austria
95%
1998 H 2-1 Groups Austria
95%
1938 A 1-2 Semifinal Brazil
95%
1970 A 4-1 Final Brazil
95%
1978 A 2-1 3rd place final Brazil
95%
1982 H 3-2 Groups (2nd phase) Brazil
95%
1994 A 1-0 Final Brazil
95%
1950 A 3-2 Groups Sweden
95%
1970 H 1-0 Groups Sweden
95%
2018 A 1-0 Qualifiers (Promotion) Sweden
95%
2018 H 0-0 Qualifiers (Promotion) Sweden
95%
1990 H 1-0 Quarter-finals Ireland
92%
1994 H 0-1 Groups Ireland
92%
2010 A 2-2 Qualifiers Ireland
92%
2010 H 1-1 Qualifiers Ireland
92%
1938 A 1-2 Round of 16 Norway
92%
1994 H 1-0 Groups Norway
92%
1998 H 1-0 Round of 16 Norway
92%
2006 A 0-0 Qualifiers Norway
92%
2006 H 2-1 Qualifiers Norway
92%
1986 A 2-3 Groups South Korea
92%
2002 A 2-1 Round of 16 South Korea
92%
1934 H 7-1 Preliminary United States
92%
1990 H 1-0 Groups United States
92%
2006 H 1-1 Groups United States
92%
1974 A 1-1 Groups (1st phase) Argentina
89%
1978 H 1-0 Groups (1st phase) Argentina
89%
1982 H 2-1 Groups (2nd phase) Argentina
89%
1986 H 1-1 Groups Argentina
89%
1990 H 1-2 Semifinal Argentina
89%
2002 H 1-2 Groups Croatia
89%
1970 A 1-4 Quarter-finals Mexico
89%
1994 H 1-1 Groups Mexico
89%
2002 A 1-1 Groups Mexico
89%
1978 A 2-1 Groups (2nd phase) Netherlands
89%
1958 H 3-0 Qualifiers Portugal
89%
1958 A 3-0 Qualifiers Portugal
89%
1994 H 1-0 Qualifiers Portugal
89%
1994 A 1-3 Qualifiers Portugal
89%
1986 A 1-1 Groups Bulgaria
87%
1994 A 1-2 Semifinal Bulgaria
87%
2010 H 2-0 Qualifiers Bulgaria
87%
2010 A 0-0 Qualifiers Bulgaria
87%
2014 H 1-0 Qualifiers Bulgaria
87%
2014 A 2-2 Qualifiers Bulgaria
87%
2022 H 1-1 Qualifiers Bulgaria
87%
2022 A 0-2 Qualifiers Bulgaria
87%
2010 A 3-2 Groups Slovakia
87%
1954 A 4-1 Groups Switzerland
87%
1954 A 2-1 Additional match Switzerland
87%
1962 H 3-0 Groups Switzerland
87%
1974 H 2-0 Qualifiers Switzerland
87%
1974 A 0-0 Quaifiers Switzerland
87%
1994 A 1-0 Qualifiers Switzerland
87%
1994 H 2-2 Qualifiers Switzerland
87%
2022 H 1-1 Qualifiers Switzerland
87%
2022 A 0-0 Qualifiers Switzerland
87%
2006 H 3-0 Quarter-finals Ukraine
87%
2006 H 1-0 Round of 16 Australia
84%
1950 H 2-0 Groups Paraguay
84%
2010 H 1-1 Groups Paraguay
84%
2006 H 1-0 Qualifiers Slovenia
84%
2006 A 1-0 Qualifiers Slovenia
84%
1970 A 0-0 Groups Uruguay
84%
1990 H 2-0 Round of 16 Uruguay
84%
2014 H 0-1 Groups Uruguay
84%
1966 A 0-2 Qualifiers Finland
82%
1966 H 6-1 Qualifiers Finland
82%
1978 H 6-1 Qualifiers Finland
82%
1978 A 0-3 Qualifiers Finland
82%
1938 A 2-4 Final Hungary
82%
1978 H 3-1 Groups (1st phase) Hungary
82%
2002 H 1-0 Qualifiers Hungary
82%
2002 A 2-2 Qualifiers Hungary
82%
2018 H 1-1 Qualifiers North Macedonia
82%
2018 A 2-3 Qualifiers North Macedonia
82%
2022 H 0-1 Qualifiers (Promotion) North Macedonia
82%
1998 A 1-1 Qualifiers (Play-off) Russia
82%
1998 H 1-0 Qualifiers (Play-off) Russia
82%
2006 A 0-2 Groups Czech Republic
79%
2014 H 2-1 Qualifiers Czech Republic
79%
2014 A 0-0 Qualifiers Czech Republic
79%
1954 H 4-1 Groups Belgium
76%
1962 A 2-0 Groups Chile
76%
1966 H 2-0 Groups Chile
76%
1998 H 2-2 Groups Chile
76%
1934 H 4-0 Qualifiers Greece
76%
1982 H 1-1 Qualifiers Greece
76%
1982 A 0-2 Qualifiers Greece
76%
1966 H 6-1 Qualifiers Poland
76%
1966 A 0-0 Qualifiers Poland
76%
1974 A 2-1 Groups (1st phase) Poland
76%
1982 H 0-0 Groups (1st phase) Poland
76%
1982 H 2-0 Semifinal Poland
76%
1998 H 3-0 Qualifiers Poland
76%
1998 A 0-0 Qualifiers Poland
76%
2002 A 0-2 Qualifiers Romania
76%
2002 H 3-0 Qualifiers Romania
76%
2010 H 1-1 Groups New Zealand
74%
1958 A 2-1 Qualifiers Northern Ireland
74%
1958 H 1-0 Qualifiers Northern Ireland
74%
2022 A 0-0 Qualifiers Northern Ireland
74%
2022 H 2-0 Qualifiers Northern Ireland
74%
1966 A 1-0 Groups North Korea
74%
1982 H 1-1 Groups (1st phase) Cameroon
71%
1998 H 3-0 Groups Cameroon
71%
1934 H 2-1 Final Czechoslovakia
71%
1990 H 2-0 Groups Czechoslovakia
71%
2006 H 2-0 Groups Ghana
71%
1994 A 1-2 Round of 16 Nigeria
71%
2018 A 0-1 Qualifiers Albania
68%
2018 H 2-0 Qualifiers Albania
68%
1982 A 3-1 Qualifiers Denmark
68%
1982 H 2-0 Qualifiers Denmark
68%
2014 A 2-2 Qualifiers Denmark
68%
2014 H 3-1 Qualifiers Denmark
68%
2002 H 2-0 Groups Ecuador
68%
1994 A 0-3 Qualifiers Estonia
68%
1994 H 2-0 Qualifiers Estonia
68%
1962 A 2-4 Qualifiers Israel
68%
1962 H 6-0 Qualifiers Israel
68%
1970 H 0-0 Groups Israel
68%
2018 H 1-0 Qualifiers Israel
68%
2018 A 1-3 Qualifiers Israel
68%
1966 H 3-0 Qualifiers Scotland
68%
1966 A 1-0 Qualifiers Scotland
68%
1994 H 3-1 Qualifiers Scotland
68%
1994 A 0-0 Qualifiers Scotland
68%
2006 A 1-1 Qualifiers Scotland
68%
2006 H 2-0 Qualifiers Scotland
68%
2014 H 0-1 Groups Costa Rica
66%
1966 A 1-0 Groups Soviet Union
66%
1982 A 1-1 Qualifiers Yugoslavia
66%
1982 H 2-0 Qualifiers Yugoslavia
66%
2002 A 0-0 Qualifiers Lithuania
63%
2002 H 4-0 Qualifiers Lithuania
63%
2022 H 5-0 Qualifiers Lithuania
63%
2022 A 0-2 Qualifiers Lithuania
63%
1994 H 6-1 Qualifiers Malta
63%
1994 A 1-2 Qualifiers Malta
63%
2014 A 0-2 Qualifiers Malta
63%
2014 H 2-0 Qualifiers Malta
63%
1970 H 4-1 Qualifiers Wales
63%
1970 A 0-1 Qualifiers Wales
63%
1982 H 1-1 Groups (1st phase) Peru
61%
2018 H 5-0 Qualifiers Liechtenstein
58%
2018 A 0-4 Qualifiers Liechtenstein
58%
1974 H 5-0 Qualifiers Luxembourg
55%
1974 A 0-4 Qualifiers Luxembourg
55%
1978 H 3-0 Qualifiers Luxembourg
55%
1978 A 1-4 Qualifiers Luxembourg
55%
1982 H 1-0 Qualifiers Luxembourg
55%
1982 A 0-2 Qualifiers Luxembourg
55%
2006 A 1-4 Qualifiers Belarus
53%
2006 H 4-3 Qualifiers Belarus
53%
1974 A 0-1 Qualifiers Turkey
53%
1974 H 0-0 Qualifiers Turkey
53%
1954 H 5-1 Qualifiers Egypt
47%
1954 A 1-2 Qualifiers Egypt
47%
1998 H 3-0 Qualifiers Moldova
47%
1998 A 1-3 Qualifiers Moldova
47%
2006 H 2-1 Qualifiers Moldova
47%
2006 A 0-1 Qualifiers Moldova
47%
2010 A 0-2 Qualifiers Montenegro
45%
2010 H 2-1 Qualifiers Montenegro
45%
2010 H 3-2 Qualifiers Cyprus
37%
2010 A 1-2 Qualifiers Cyprus
37%
1970 H 3-0 Qualifiers East Germany
37%
1970 A 2-2 Qualifiers East Germany
37%
1998 A 0-0 Qualifiers Georgia
34%
1998 H 1-0 Qualifiers Georgia
34%
2002 A 1-2 Qualifiers Georgia
34%
2002 H 2-0 Qualifiers Georgia
34%
2010 A 0-2 Qualifiers Georgia
34%
2010 H 2-0 Qualifiers Georgia
34%
1974 H 3-1 Groups (1st phase) Haiti
34%
2014 H 2-2 Qualifiers Armenia
32%
2014 A 1-3 Qualifiers Armenia
32%
No matching quizzes found
Score Distribution
Percent of People with Each Score
Percentile by Number Answered
Your Score History
You have not taken this quiz